=LDR 00000nam 2200000 4500 =001 INLIS000000000012463 =005 20130612104001 =008 ***********************************Ind** =035 ##$$0010-061300000012463 =041 ##$$a Ind =082 ##$$a 371.1 =090 ##$$a 371.1, Sur u =100 ##$$a Suryadi a =245 ##$$a Universitas terbuka apa, mengapa bangaimana, Dm A.Suryadi MA =260 ##$$a 1984 $b Bandung =300 ##$$a x, 126 hlm., 21 cm =650 ##$$a Perguruan Tinggi =850 ##$$a NBPNMAT